| 000 | 00935nam a22002537a 4500 | ||
|---|---|---|---|
| 005 | 20170123164151.0 | ||
| 010 | _aB-109157 | ||
| 020 | _c200.00 | ||
| 035 | _aB-109157 | ||
| 037 | _aCen Lib / Ret | ||
| 040 |
_aDPL _bPN |
||
| 082 |
_a851 _bਸ਼ਾਹਚ |
||
| 245 |
_aਕਲਾਮ ਬੁਲੇਹ ਸ਼ਾਹ / _cਸੰਪਾਦਕ ਸ਼ਾਹ ਚਮਨ |
||
| 246 |
_aKalaam Buleh Shah _bedited by Shah Chaman |
||
| 260 |
_aਲੁਧਿਆਣਾ _bਚੇਤਨਾ ਪ੍ਰਕਾਸ਼ਨ _c2004 |
||
| 270 |
_aਪੰਜਾਬੀ ਭਵਨ _bਲੁਧਿਆਣਾ |
||
| 300 |
_a248p. _c19cm(Hb) |
||
| 650 |
_aਪੰਜਾਬੀ -- ਕਵਿਤਾਵਾਂ _9126439 |
||
| 650 |
_aਪੰਜਾਬੀ ਸਾਹਿਤ _9126440 |
||
| 650 |
_aPunjabi --Poems _998797 |
||
| 650 |
_aLiterature -- Punjabi _9126441 |
||
| 700 |
_aਸ਼ਾਹ ਚਮਨ _946919 |
||
| 942 |
_2ddc _cPN _h851 _mਸ਼ਾਹਚ |
||
| 999 |
_c110372 _d110372 |
||